Moths (All Lyrics) - Conan Gray - Statistics

General Stats
  • This quiz has been taken 46 times
  • The average score is 166 of 195
Answer Stats
Answer % Correct
closed
100%
do
100%
door
100%
I
100%
is
100%
The
100%
the
100%
a
95%
But
95%
but
95%
if
95%
I'll
95%
Just
95%
just
95%
leave
95%
light
95%
me
95%
on
95%
open
95%
window's
95%
you
95%
You
95%
And
90%
(And
90%
around
90%
be
90%
beg
90%
in
90%
let
90%
moths
90%
need
90%
turn
90%
won't
90%
So
85%
That
85%
that
85%
to
85%
your
85%
Your
85%
every
80%
Follow
80%
friend
80%
friend)
80%
keep
80%
of
80%
you're
80%
don't
75%
home
75%
letter,
75%
meet
75%
No
75%
no
75%
other
75%
secrets
75%
side
75%
speak)
75%
we
75%
word
75%
could
70%
forever,
70%
it
70%
I've
70%
kissing,
70%
let's
70%
missing
70%
out
70%
sing)
70%
song
70%
street
70%
talk
70%
them
70%
touch,
70%
version
70%
walking
70%
wanted,
70%
always
65%
away
65%
been
65%
brand
65%
cover
65%
drain
65%
drowning
65%
friends
65%
like
65%
loved
65%
middle
65%
(Might
65%
myself
65%
new
65%
trying
65%
washing
65%
watch
65%
will
65%
look
60%
movie
60%
star
60%
sure
60%
together,
60%
us
60%
(Holds
55%
No matching quizzes found
Score Distribution
Percent of People with Each Score
Percentile by Number Answered
Your Score History
You have not taken this quiz